00321nam a22000857a 4500008004100000040005500041245006000096260006300156310001600219240904b |||||||| |||| 00| 0 eng d aNational Science LibrarycNational Science Library aBulletin of the Indian society of earthquake technology aRoorkee: bIndian Society of Earthquake Technology, c1964 aHalf yearly